| 000 | 00339nam a2200109Ia 4500 | ||
|---|---|---|---|
| 008 | 160609s9999 xx 000 0 und d | ||
| 245 | _aAutocad 2016: Update For Autocad 2014 & 2015 Users | ||
| 245 | _cBy:Center for Technical Knowledge | ||
| 260 | _c2016 | ||
| 650 | _x3D MODELING | ||
| 856 | _uhttp://file.ebook777.com/004/9780986369568.pdf | ||
| 999 |
_c295715 _d295715 |
||